000 00417nam a2200169Ia 4500
001 8342
003 IN-NITTTR
005 20251114233037.0
008 251113s9999||||xx |||||||||||||| ||eng||
040 _beng
040 _cIN-NITTTR
041 _aeng
082 _a155.5 C76C
100 _aConger, John Janeway
245 0 _aContemporary issues in adolescent development /
_cConger, John Janeway
942 _2ddc
_cBK
999 _c10980
_d10980